Animals of New Zealand - Sudden Death - Statistics

General Stats
  • This quiz has been taken 58 times
  • The average score is 5 of 16
Answers on the Grid
Answers color-coded by a green-red scale on the quiz's grid according to % correct below.
Penguins
Fur Seals
Herons
Parrots
Monarchs
Mantises
Keas
Skinks
Wetas
Tuataras
Geckos
Man-o-Wars
Velvet Worms
Cod
Cuckoos
Ants
Rheas
Tinamous
Coconut Crab
Crocodiles
Roughsharks
Sugar Gliders
Squirrels
Shrikes
Cranes
Platypi
Dugongs
Salamanders
Tortoises
Pacas
Cavi
Dingos
 
Answer Stats
Answer % Correct
Keas
65%
Penguins
55%
Tuataras
52%
Wetas
52%
Fur Seals
45%
Parrots
42%
Ants
39%
Skinks
32%
Cod
29%
Herons
26%
Geckos
23%
Mantises
23%
Monarchs
16%
Cuckoos
13%
Velvet Worms
13%
Man-o-Wars
3%
No matching quizzes found
Score Distribution
Percent of People with Each Score
Percentile by Number Answered
Your Score History
You have not taken this quiz